Statistics for Countries with the Lowest Taxes

Click here to take the quiz!

General Stats

  • This quiz has been taken 39 times
  • The average score is 5 of 11

Answer Stats

Income TaxCorporate TaxAnswer% Correct
0%0%Bahamas
67%
0%0%United Arab Emirates
64%
0%15%Kuwait
58%
0%10%Qatar
56%
0%0%Bahrain
53%
0%28%Monaco
53%
0%20%Brunei
44%
0%0%Saint Kitts and Nevis
44%
0%0%Vatican City
36%
0%No DataSomalia
17%
0%0%Vanuatu
11%

Score Distribution

Percentile by Number Answered

Percent of People with Each Score

Your Score History

You have not taken this quiz